| 000 | 00960cam a2200301 a 4500 | ||
|---|---|---|---|
| 001 | 2547 | ||
| 005 | 20231214161701.0 | ||
| 020 | _a0385746474 (trade hardcover) | ||
| 020 | _a0385908822 | ||
| 020 | _a9780439676861 | ||
| 040 |
_aDLC _cDLC _dDLC _beng |
||
| 050 | 0 | 0 |
_aPZ7.P2843 _bBof 2003 |
| 082 | 0 | 0 |
_a006.5 _222 |
| 100 | 1 | _aPaulsen, Gary | |
| 245 | 1 | 0 |
_aBrian's hunt / _cGary Paulsen |
| 250 | _aFirst Scholastic paperback printing, January 2006 | ||
| 260 |
_aNew York : _bScholastic, _c2003 |
||
| 300 |
_a103 pages : _c22 cm |
||
| 505 | _aZ | ||
| 520 | _aTwo years after having survived a plane crash into the Canadian wilderness, a sixteen-year-old returns to the wild to befriend a wounded dog and hunt a rogue bear. | ||
| 521 |
_a1120 _bLexile |
||
| 521 |
_aZ _bRaz-Plus |
||
| 650 | 1 |
_aDogs _vFiction. |
|
| 650 | 1 |
_aHunting _vFiction. |
|
| 650 | 1 |
_aBears _vFiction. |
|
| 906 |
_a7 _bcbc _corignew _d1 _eecip _f20 _gy-gencatlg |
||
| 942 |
_2ddc _cBK _n0 |
||
| 999 |
_c2547 _d2547 |
||